000 00697nam a2200181Ia 4500
008 151018s9999 xx 000 0 und d
082 _bRBASDV33909
_a891.434
100 _aपरमहंस आचार्य
245 _aप्राचीन भारत कि विज्ञानिक
250 _b1
260 _bविज्ञान प्रकाशन
_c2000
300 _a160
600 _aपरमहंस आचार्य
630 _aप्राचीन भारत कि विज्ञानिक
700 _aपरमहंस आचार्य
730 _aप्राचीन भारत कि विज्ञानिक
942 _cBOOK
999 _c1033411
_d1033408